[Event "Xtracon Skakligaen"]
[Site "Denmark"]
[Date "2016.03.06"]
[Round "9.5"]
[White "Palm, Nikolaj"]
[Black "Klawitter, Harald"]
[Result "0-1"]
[WhiteElo "2347"]
[BlackElo "2120"]
[PlyCount "110"]
[EventDate "2015.10.31"]
[EventType "team-tourn"]
[EventRounds "9"]
[EventCountry "DEN"]
[WhiteTeam "Bronshoj"]
[BlackTeam "Bov"]
[WhiteTeamCountry "DEN"]
[BlackTeamCountry "DEN"]

1. d4 e6 2. Nf3 f5 3. c4 Nf6 4. Nc3 d5 5. Bg5 c6 6. Qc2 Be7 7. e3 O-O 8. Bd3
Ne4 9. Bxe7 Qxe7 10. O-O Bd7 11. Ne5 Be8 12. f3 Nxc3 13. Qxc3 Nd7 14. Nxd7 Bxd7
15. c5 Rae8 16. f4 b6 17. Rfc1 Ra8 18. b4 b5 19. a4 a6 20. Ra2 Rfc8 21. h3 Kh8
22. Kh2 g5 23. fxg5 Qxg5 24. Qd2 Rg8 25. Qf2 Rae8 26. Qf4 Qf6 27. Qd6 Rg7 28.
Rf1 Qg5 29. Rf3 Reg8 30. Bf1 h6 31. g3 Qd8 32. axb5 axb5 33. Ra7 Kh7 34. Bd3
Kh8 35. Qe5 Qb8 36. Rc7 Qd8 37. Bf1 Kh7 38. Bd3 Qg5 39. Rf2 Ra8 40. Bf1 Ra3 41.
Rf3 Ra2+ 42. Kh1 Rb2 43. Bd3 Rd2 44. Rxd7 Rxd3 45. Rxg7+ Qxg7 46. Qxe6 Qg6 47.
Qd7+ Kg8 48. Qc8+ Kh7 49. Rxf5 Rxe3 50. Qd7+ Kg8 51. g4 Rxh3+ 52. Kg2 Qxg4+ 53.
Kf2 Rh2+ 54. Kf1 Qg2+ 55. Ke1 Qe2# 0-1

[Event "Xtracon Skakligaen"]
[Site "Denmark"]
[Date "2016.03.06"]
[Round "9.7"]
[White "Pedersen, Peter Brondt"]
[Black "Wolter, Jens"]
[Result "1/2-1/2"]
[WhiteElo "2171"]
[BlackElo "2110"]
[PlyCount "64"]
[EventDate "2015.10.31"]
[EventType "team-tourn"]
[EventRounds "9"]
[EventCountry "DEN"]
[WhiteTeam "Bronshoj"]
[BlackTeam "Bov"]
[WhiteTeamCountry "DEN"]
[BlackTeamCountry "DEN"]

1. Nf3 c5 2. g3 Nc6 3. Bg2 g6 4. O-O Bg7 5. c4 Nf6 6. Nc3 O-O 7. d4 cxd4 8.
Nxd4 Qb6 9. Nc2 Qc5 10. Ne3 d6 11. Ncd5 Nxd5 12. cxd5 Nd4 13. Re1 Nf5 14. Nxf5
Bxf5 15. e4 Bd7 16. Qb3 Qb5 17. Qxb5 Bxb5 18. Bh3 Rfd8 19. a4 Bd7 20. Bf1 Rdc8
21. Bd3 Bd4 22. Ra2 Bh3 23. Bd2 h5 24. Rc1 Rxc1+ 25. Bxc1 Rc8 26. Bd2 Kg7 27.
b3 Kf6 28. Rc2 Rxc2 29. Bxc2 e6 30. dxe6 fxe6 31. Bf4 d5 32. Bc7 Bc5 1/2-1/2

[Event "Xtracon Skakligaen"]
[Site "Denmark"]
[Date "2016.03.06"]
[Round "9.8"]
[White "Kramer, Svend Erik"]
[Black "Andersen, Soren Mikkel"]
[Result "0-1"]
[WhiteElo "2048"]
[BlackElo "2122"]
[PlyCount "64"]
[EventDate "2015.10.31"]
[EventType "team-tourn"]
[EventRounds "9"]
[EventCountry "DEN"]
[WhiteTeam "Bov"]
[BlackTeam "Bronshoj"]
[WhiteTeamCountry "DEN"]
[BlackTeamCountry "DEN"]

1. e4 c5 2. Nf3 d6 3. d4 cxd4 4. Nxd4 Nf6 5. Nc3 a6 6. f3 e6 7. Be3 b5 8. Qd2
Nbd7 9. O-O-O Bb7 10. g4 Nb6 11. Kb1 b4 12. Nce2 Nc4 13. Qd3 d5 14. exd5 Bxd5
15. Bg5 Ne5 16. Qd2 Nxf3 17. Nxf3 Bxf3 18. Qxd8+ Rxd8 19. Rxd8+ Kxd8 20. Rg1
Bd6 21. Nd4 Bb7 22. Bc4 Bxh2 23. Rf1 Ke7 24. Re1 Rd8 25. Nf5+ Kf8 26. Ne3 Rd4
27. Rf1 Ne4 28. c3 bxc3 29. bxc3 Rxc4 30. Nxc4 Nxg5 31. Rf2 Bc7 32. Kb2 Bf3 0-1

[Event "Xtracon Skakligaen"]
[Site "Denmark"]
[Date "2016.03.06"]
[Round "9.1"]
[White "Schandorff, Lars"]
[Black "Svane, Rasmus"]
[Result "1-0"]
[WhiteElo "2519"]
[BlackElo "2543"]
[PlyCount "87"]
[EventDate "2015.10.31"]
[EventType "team-tourn"]
[EventRounds "9"]
[EventCountry "DEN"]
[WhiteTeam "Hillerod"]
[BlackTeam "Skanderborg"]
[WhiteTeamCountry "DEN"]
[BlackTeamCountry "DEN"]

1. Nf3 d5 2. g3 Bg4 3. Bg2 e6 4. O-O Nf6 5. c4 c6 6. d3 Nbd7 7. cxd5 exd5 8.
Nc3 Bc5 9. Qb3 Nb6 10. e4 O-O 11. h3 Bh5 12. Qc2 Re8 13. Nh4 dxe4 14. dxe4 Nfd7
15. Ne2 Be7 16. Nf5 Bg6 17. Ned4 Bc5 18. Rd1 Bxd4 19. Nxd4 Qe7 20. f3 Rad8 21.
b3 Nf6 22. Bb2 Rd7 23. h4 Rdd8 24. Qf2 h6 25. Ne2 Rxd1+ 26. Rxd1 Rd8 27. Rxd8+
Qxd8 28. Qd4 Qxd4+ 29. Bxd4 Nfd7 30. Nf4 Bh7 31. Bh3 Kf8 32. Kf2 g5 33. Nd3 Ke7
34. a4 gxh4 35. gxh4 h5 36. Ke3 Nc8 37. Ne5 f5 38. Nxd7 Kxd7 39. Kf4 Ke6 40.
exf5+ Kd5 41. Bf2 c5 42. Kg5 Nd6 43. Bg3 b6 44. Kf6 1-0

[Event "Xtracon Skakligaen"]
[Site "Denmark"]
[Date "2016.03.06"]
[Round "9.2"]
[White "Semcesen, Daniel"]
[Black "Jaksland, Tim"]
[Result "1-0"]
[WhiteElo "2436"]
[BlackElo "2284"]
[PlyCount "69"]
[EventDate "2015.10.31"]
[EventType "team-tourn"]
[EventRounds "9"]
[EventCountry "DEN"]
[WhiteTeam "Skanderborg"]
[BlackTeam "Hillerod"]
[WhiteTeamCountry "DEN"]
[BlackTeamCountry "DEN"]

1. d4 Nf6 2. c4 g6 3. Nc3 Bg7 4. e4 d6 5. h3 O-O 6. Nf3 e5 7. d5 Nh5 8. g3 f5
9. exf5 gxf5 10. Ng5 Qe8 11. Bg2 Na6 12. Ne6 Bxe6 13. dxe6 e4 14. e7 Bxc3+ 15.
bxc3 Rf6 16. g4 fxg4 17. Qd5+ Qf7 18. hxg4 Nf4 19. Qg5+ Ng6 20. Be3 Nc5 21.
Bxc5 dxc5 22. O-O-O Qxe7 23. Bxe4 Re6 24. Qxe7 Rxe7 25. Bxb7 Rf8 26. f3 Ne5 27.
Bd5+ Kg7 28. Rh3 h6 29. Kc2 c6 30. Be4 Nxc4 31. Rdh1 Ne3+ 32. Kd3 Nxg4 33. Rg1
c4+ 34. Kd4 Rf4 35. Rxg4+ 1-0

[Event "Xtracon Skakligaen"]
[Site "Denmark"]
[Date "2016.03.06"]
[Round "9.3"]
[White "Stojanovski, Sandi"]
[Black "Pedersen, Nicolai Vesterbaek"]
[Result "1/2-1/2"]
[WhiteElo "2250"]
[BlackElo "2403"]
[PlyCount "168"]
[EventDate "2015.10.31"]
[EventType "team-tourn"]
[EventRounds "9"]
[EventCountry "DEN"]
[WhiteTeam "Hillerod"]
[BlackTeam "Skanderborg"]
[WhiteTeamCountry "DEN"]
[BlackTeamCountry "DEN"]

1. d4 Nf6 2. c4 e6 3. Nc3 Bb4 4. Bd2 O-O 5. Nf3 b6 6. e3 Ba6 7. Bd3 d5 8. b3
dxc4 9. bxc4 c5 10. a3 Ba5 11. Ne4 Bxd2+ 12. Qxd2 cxd4 13. exd4 Nc6 14. Nxf6+
Qxf6 15. O-O Rfd8 16. Rad1 g6 17. Be2 Rac8 18. c5 Bxe2 19. Qxe2 Nxd4 20. Nxd4
Rxd4 21. cxb6 axb6 22. h3 e5 23. Rd3 Rcd8 24. Rf3 Qe6 25. Re3 R8d5 26. Re1 Rd2
27. Qf3 Qd6 28. Qg3 Rd1 29. Kh2 Rxe1 30. Rxe1 f5 31. Qb3 Kg7 32. Rb1 e4+ 33. g3
Rd2 34. Kg1 Rd3 35. Qxb6 Qxb6 36. Rxb6 Rxa3 37. Kg2 Ra7 38. g4 h5 39. gxf5 gxf5
40. Re6 Ra2 41. Kg1 Ra5 42. Rb6 Re5 43. Kf1 Rc5 44. Re6 Kf7 45. Ra6 Re5 46. f3
Re6 47. Ra5 Kf6 48. fxe4 Rxe4 49. Kf2 Rc4 50. Kg3 h4+ 51. Kf3 Kg5 52. Ra3 Rc1
53. Rb3 Rf1+ 54. Kg2 Rf4 55. Rf3 Rd4 56. Ra3 Kf4 57. Kf1 Rd2 58. Rb3 Ke4 59.
Rb4+ Kf3 60. Kg1 Rd1+ 61. Kh2 Rd2+ 62. Kg1 Rd1+ 63. Kh2 f4 64. Rb3+ Ke4 65. Rb8
Rd2+ 66. Kg1 f3 67. Rf8 Ke3 68. Re8+ Kf4 69. Rg8 Re2 70. Kf1 Rh2 71. Kg1 Rc2
72. Kf1 Ke3 73. Re8+ Kf4 74. Rg8 Rh2 75. Kg1 Rxh3 76. Rf8+ Kg4 77. Rg8+ Kf4 78.
Rf8+ Ke3 79. Re8+ Kf4 80. Rf8+ Kg4 81. Rg8+ Kf4 82. Rf8+ Ke3 83. Re8+ Kf4 84.
Rf8+ Ke3 1/2-1/2

[Event "Xtracon Skakligaen"]
[Site "Denmark"]
[Date "2016.03.06"]
[Round "9.4"]
[White "Pedersen, Steffen"]
[Black "Ostergaard, Jens"]
[Result "1-0"]
[WhiteElo "2406"]
[BlackElo "2254"]
[PlyCount "147"]
[EventDate "2015.10.31"]
[EventType "team-tourn"]
[EventRounds "9"]
[EventCountry "DEN"]
[WhiteTeam "Skanderborg"]
[BlackTeam "Hillerod"]
[WhiteTeamCountry "DEN"]
[BlackTeamCountry "DEN"]

1. d4 Nf6 2. c4 e6 3. Nf3 d5 4. Nc3 Be7 5. Qc2 O-O 6. cxd5 exd5 7. Bg5 c6 8. e3
Nbd7 9. Bd3 Re8 10. O-O Nf8 11. Rab1 Be6 12. b4 Rc8 13. h3 N6d7 14. Bf4 Nb6 15.
a4 f6 16. Nd2 Bd6 17. Bxd6 Qxd6 18. Ne2 Bf7 19. Rfc1 g6 20. Qa2 Ne6 21. b5 c5
22. Qa3 Qf8 23. a5 Nd7 24. Qb2 c4 25. Bc2 f5 26. Nf3 Qd6 27. Nc3 h6 28. b6 a6
29. Qb4 Qxb4 30. Rxb4 Nd8 31. Ba4 Nc6 32. Rb2 Kg7 33. g3 Ndb8 34. Bxc6 Nxc6 35.
Ra1 Re7 36. Kg2 g5 37. Ne1 Rd8 38. Nc2 Be8 39. Nb4 Nxb4 40. Rxb4 Bc6 41. Rbb1
Kf6 42. Rh1 Rh7 43. Rae1 Re8 44. Re2 Rc8 45. h4 Rhh8 46. Ree1 Rce8 47. Rh2 Rc8
48. Reh1 g4 49. Re1 Rhe8 50. Kf1 Re7 51. Ke2 Rce8 52. Kd2 Ke6 53. f3 gxf3 54.
Rf2 Rg8 55. Rxf3 Be8 56. Ref1 Rf7 57. Ke1 Rff8 58. Ne2 Bb5 59. R1f2 Rg4 60. Kd2
Re4 61. Rf4 Rxf4 62. Rxf4 Rg8 63. Rf2 c3+ 64. Nxc3 Rxg3 65. Nxb5 axb5 66. Re2
Rg1 67. Kc3 Rb1 68. Rg2 Kf6 69. a6 Rc1+ 70. Kb2 Rc6 71. a7 Rc8 72. h5 f4 73.
exf4 Kf5 74. Rg7 1-0

[Event "Xtracon Skakligaen"]
[Site "Denmark"]
[Date "2016.03.06"]
[Round "9.6"]
[White "Andersen, Jackie"]
[Black "Andersen, Ib Hother"]
[Result "1/2-1/2"]
[WhiteElo "2343"]
[BlackElo "2142"]
[PlyCount "116"]
[EventDate "2015.10.31"]
[EventType "team-tourn"]
[EventRounds "9"]
[EventCountry "DEN"]
[WhiteTeam "Skanderborg"]
[BlackTeam "Hillerod"]
[WhiteTeamCountry "DEN"]
[BlackTeamCountry "DEN"]

1. d4 Nf6 2. Bg5 Ne4 3. Bf4 c5 4. d5 Qb6 5. Qc1 e6 6. f3 Nf6 7. e4 exd5 8. e5
Qe6 9. g3 Nc6 10. Bh3 Qe7 11. Qe3 Nh5 12. Bg5 Qxe5 13. Qxe5+ Nxe5 14. Nc3 d6
15. Bxc8 Rxc8 16. Nxd5 h6 17. Bd2 Be7 18. O-O-O Nf6 19. Bc3 Nxd5 20. Rxd5 O-O
21. Bxe5 dxe5 22. Rxe5 Bf6 23. Re1 Rfe8 24. Nh3 Kf8 25. Nf2 Rxe1+ 26. Rxe1 Re8
27. Rxe8+ Kxe8 28. Ne4 Be7 29. Kd2 Kd7 30. Kd3 f5 31. Nd2 b5 32. b3 a6 33. Nf1
Bd6 34. c4 b4 35. Ne3 Ke6 36. Nd5 Ke5 37. Ke3 Ke6 38. f4 g5 39. h3 Kf7 40. Kf3
Kg6 41. fxg5 hxg5 42. g4 f4 43. Ke4 Bb8 44. Nb6 Bd6 45. Na4 Kf6 46. Nb2 Ke6 47.
Nd3 a5 48. Ne1 Be7 49. Nf3 Bd8 50. h4 gxh4 51. Kxf4 Bc7+ 52. Ke4 Bd8 53. Ng1
Bf6 54. Nh3 Be7 55. Nf4+ Kf6 56. Nh3 Ke6 57. Nf4+ Kf6 58. Nh3 Ke6 1/2-1/2

[Event "Xtracon Skakligaen"]
[Site "Denmark"]
[Date "2016.03.06"]
[Round "9.7"]
[White "Nilsson, Lars Kjoller"]
[Black "Boe, Mads"]
[Result "0-1"]
[WhiteElo "1978"]
[BlackElo "2330"]
[PlyCount "148"]
[EventDate "2015.10.31"]
[EventType "team-tourn"]
[EventRounds "9"]
[EventCountry "DEN"]
[WhiteTeam "Hillerod"]
[BlackTeam "Skanderborg"]
[WhiteTeamCountry "DEN"]
[BlackTeamCountry "DEN"]

1. e4 c6 2. c4 d5 3. exd5 cxd5 4. cxd5 Nf6 5. Bb5+ Nbd7 6. Nc3 a6 7. Qa4 Rb8 8.
Bxd7+ Qxd7 9. Qf4 Ra8 10. Nf3 Nxd5 11. Nxd5 Qxd5 12. O-O e6 13. b3 Bd6 14. Qc4
Qxc4 15. bxc4 b5 16. d3 Bb7 17. Be3 Bxf3 18. gxf3 O-O 19. Rab1 Rab8 20. Rb3
Rfc8 21. Rfb1 b4 22. c5 Bxc5 23. Bxc5 Rxc5 24. Rxb4 Rxb4 25. Rxb4 g6 26. d4 Rc3
27. Ra4 Rc6 28. Kf1 Kg7 29. Ke2 Kf6 30. Ra5 h5 31. f4 Ke7 32. Kd3 Rb6 33. Ke4
Rc6 34. Ra3 Rb6 35. h3 Kf6 36. Ra5 Rc6 37. Ra3 Ke7 38. Kd3 Rc1 39. Rxa6 Rh1 40.
a4 Rxh3+ 41. Ke4 Rh1 42. Ra8 Ra1 43. a5 Ra3 44. Ke5 Rf3 45. a6 Rxf2 46. Ra7+
Kf8 47. Rb7 Kg7 48. a7 Ra2 49. f5 gxf5 50. d5 exd5 51. Kxf5 h4 52. Kg4 Ra4+ 53.
Kh3 Kg6 54. Rd7 f5 55. Rxd5 Rxa7 56. Kxh4 Ra4+ 57. Kg3 Kg5 58. Rd3 Ra8 59. Rb3
Rh8 60. Rb5 Ra8 61. Rb3 Ra4 62. Kf3 Rh4 63. Rb5 Rh3+ 64. Kg2 Ra3 65. Kf2 Kg4
66. Rb2 f4 67. Rb4 Ra2+ 68. Kf1 Kg3 69. Rb8 Ra1+ 70. Ke2 f3+ 71. Ke3 Re1+ 72.
Kd2 f2 73. Rg8+ Kh4 74. Rh8+ Kg5 0-1

[Event "Xtracon Skakligaen"]
[Site "Denmark"]
[Date "2016.03.06"]
[Round "9.8"]
[White "Bjerre, Jonas Buhl"]
[Black "Svendsen, Peter Willer"]
[Result "1-0"]
[WhiteElo "2076"]
[BlackElo "1961"]
[PlyCount "121"]
[EventDate "2015.10.31"]
[EventType "team-tourn"]
[EventRounds "9"]
[EventCountry "DEN"]
[WhiteTeam "Skanderborg"]
[BlackTeam "Hillerod"]
[WhiteTeamCountry "DEN"]
[BlackTeamCountry "DEN"]

1. e4 e5 2. Nf3 Nf6 3. Nxe5 d6 4. Nf3 Nxe4 5. d4 d5 6. Bd3 Nc6 7. O-O Be7 8. c4
O-O 9. cxd5 Qxd5 10. Re1 Bf5 11. Qb3 Qxb3 12. axb3 Nd6 13. Bxf5 Nxf5 14. d5 Nb4
15. g4 Nh4 16. Rxe7 Nxf3+ 17. Kg2 Nxd5 18. Rd7 Ne1+ 19. Kf1 Nc2 20. Ra5 Nf6 21.
Rxc7 b6 22. Raxa7 Rxa7 23. Rxa7 Nxg4 24. Ra4 Ne5 25. Na3 Nd3 26. Nxc2 Nxc1 27.
Ra6 Rb8 28. Nd4 g6 29. Nc6 Rb7 30. b4 Nd3 31. b3 Nf4 32. Ra8+ Kg7 33. Rd8 h5
34. b5 Ne6 35. Rd6 Nc5 36. Nd8 Rd7 37. Rxd7 Nxd7 38. Ke2 Kf6 39. Ke3 Ke7 40.
Nc6+ Kd6 41. Kd4 f5 42. b4 g5 43. Nd8 g4 44. Nf7+ Ke7 45. Ne5 Nf6 46. Nc4 Nd7
47. Kd5 h4 48. Ne3 Kf6 49. Kd6 Nf8 50. Nd5+ Kg5 51. Nxb6 f4 52. Nc4 Nh7 53. b6
g3 54. Nd2 Kg4 55. fxg3 fxg3 56. hxg3 h3 57. Nf1 Kf3 58. b7 Kg2 59. b8=Q Kxf1
60. Qh8 Ng5 61. Qf6+ 1-0

[Event "Xtracon Skakligaen"]
[Site "Denmark"]
[Date "2016.03.06"]
[Round "9.1"]
[White "Ochsner, Bjorn Moller"]
[Black "Teplyi, Igor"]
[Result "1/2-1/2"]
[WhiteElo "2405"]
[BlackElo "2422"]
[PlyCount "103"]
[EventDate "2015.10.31"]
[EventType "team-tourn"]
[EventRounds "9"]
[EventCountry "DEN"]
[WhiteTeam "AarhusSkolerne"]
[BlackTeam "Nordre"]
[WhiteTeamCountry "DEN"]
[BlackTeamCountry "DEN"]

1. e4 c5 2. Nf3 d6 3. d4 cxd4 4. Nxd4 Nf6 5. Nc3 a6 6. g3 e5 7. Nde2 b5 8. Nd5
Nbd7 9. Nec3 Bb7 10. Bg2 Be7 11. a4 bxa4 12. Rxa4 O-O 13. Ra2 Nxd5 14. Nxd5 Nf6
15. Nxf6+ Bxf6 16. O-O Qc7 17. Be3 Rfc8 18. b3 a5 19. Qd2 Bc6 20. Rfa1 Bd8 21.
Qd3 Qd7 22. c4 Bc7 23. h4 Rcb8 24. Bd2 Qd8 25. Bg5 Qe8 26. Bd2 Qd8 27. Ra3 h6
28. Bc3 Bd7 29. Qd2 Be6 30. Bxa5 Bxa5 31. Rxa5 Rxa5 32. Rxa5 Rxb3 33. c5 Rb8
34. cxd6 Rb6 35. d7 Qxd7 36. Qxd7 Bxd7 37. Rxe5 Rb5 38. Rxb5 Bxb5 39. f4 f6 40.
Kf2 Kf8 41. Ke3 Ke7 42. Kd4 Bd7 43. Bf1 Bg4 44. Bc4 Bf3 45. Bd5 Bg4 46. e5 Bf5
47. Be4 Bg4 48. Kd5 Be6+ 49. Kc5 Bg4 50. exf6+ Kxf6 51. Kd6 g5 52. hxg5+
1/2-1/2

[Event "Xtracon Skakligaen"]
[Site "Denmark"]
[Date "2016.03.06"]
[Round "9.2"]
[White "Baekgaard, Martin"]
[Black "Skytte, Rasmus"]
[Result "1/2-1/2"]
[WhiteElo "2333"]
[BlackElo "2413"]
[PlyCount "22"]
[EventDate "2015.10.31"]
[EventType "team-tourn"]
[EventRounds "9"]
[EventCountry "DEN"]
[WhiteTeam "Nordre"]
[BlackTeam "AarhusSkolerne"]
[WhiteTeamCountry "DEN"]
[BlackTeamCountry "DEN"]

1. d4 Nf6 2. c4 e6 3. Nf3 c5 4. d5 exd5 5. cxd5 d6 6. Nc3 g6 7. Bf4 Bg7 8. Qa4+
Bd7 9. Qb3 Qc7 10. h3 O-O 11. e3 Na6 1/2-1/2

[Event "Xtracon Skakligaen"]
[Site "Denmark"]
[Date "2016.03.06"]
[Round "9.3"]
[White "Sorensen, Jan"]
[Black "Petersen, Tom Petri"]
[Result "1/2-1/2"]
[WhiteElo "2435"]
[BlackElo "2349"]
[PlyCount "41"]
[EventDate "2015.10.31"]
[EventType "team-tourn"]
[EventRounds "9"]
[EventCountry "DEN"]
[WhiteTeam "AarhusSkolerne"]
[BlackTeam "Nordre"]
[WhiteTeamCountry "DEN"]
[BlackTeamCountry "DEN"]

1. e4 g6 2. Nc3 Bg7 3. f4 c5 4. Nf3 Nc6 5. Bb5 Nd4 6. O-O Nxb5 7. Nxb5 d6 8. d3
Nf6 9. Qe1 O-O 10. Qh4 c4 11. Kh1 cxd3 12. cxd3 Bg4 13. f5 e6 14. fxe6 fxe6 15.
Be3 Qd7 16. Nc3 Bxf3 17. Rxf3 Nh5 18. Raf1 Rxf3 19. Rxf3 Rf8 20. Rxf8+ Bxf8 21.
Qg5 1/2-1/2

[Event "Xtracon Skakligaen"]
[Site "Denmark"]
[Date "2016.03.06"]
[Round "9.4"]
[White "Sloth, Jorn"]
[Black "Christensen, Tobias Bent"]
[Result "1/2-1/2"]
[WhiteElo "2311"]
[BlackElo "2349"]
[PlyCount "25"]
[EventDate "2015.10.31"]
[EventType "team-tourn"]
[EventRounds "9"]
[EventCountry "DEN"]
[WhiteTeam "Nordre"]
[BlackTeam "AarhusSkolerne"]
[WhiteTeamCountry "DEN"]
[BlackTeamCountry "DEN"]

1. c4 e5 2. Nc3 c5 3. Nf3 Nc6 4. g3 g6 5. Bg2 Bg7 6. d3 Nge7 7. Nd2 d6 8. Nf1
h5 9. Ne3 h4 10. Ned5 h3 11. Bf3 Nxd5 12. Bxd5 Ne7 13. Bf3 1/2-1/2

[Event "Xtracon Skakligaen"]
[Site "Denmark"]
[Date "2016.03.06"]
[Round "9.5"]
[White "Vinther Schou, Uffe"]
[Black "Klitgaard, Thomas"]
[Result "0-1"]
[WhiteElo "2374"]
[BlackElo "2230"]
[PlyCount "128"]
[EventDate "2015.10.31"]
[EventType "team-tourn"]
[EventRounds "9"]
[EventCountry "DEN"]
[WhiteTeam "AarhusSkolerne"]
[BlackTeam "Nordre"]
[WhiteTeamCountry "DEN"]
[BlackTeamCountry "DEN"]

1. e4 d5 2. exd5 Nf6 3. d4 Bg4 4. Nf3 Qxd5 5. Be2 Nc6 6. h3 Bxf3 7. Bxf3 Qf5 8.
Be3 e6 9. O-O Bd6 10. c4 g5 11. Nc3 h5 12. Qb1 g4 13. Qxf5 exf5 14. Bxc6+ bxc6
15. Rfe1 Kd7 16. c5 Be7 17. Bf4 Ng8 18. Rad1 Rb8 19. b3 Bf6 20. Be5 Re8 21. Ne2
Rh6 22. Nf4 Bg5 23. Nd3 Rhe6 24. Kf1 Ne7 25. Bf4 Bf6 26. Be5 Bg5 27. Bg3 Ng6
28. Ne5+ Nxe5 29. Rxe5 Rxe5 30. Bxe5 f6 31. Bh2 f4 32. d5 f5 33. d6 Re4 34.
dxc7+ Kxc7 35. Rd6 Be7 36. Rh6 Bxc5 37. Rxh5 Bb4 38. f3 Re1+ 39. Kf2 g3+ 40.
Bxg3 fxg3+ 41. Kxg3 Bd6+ 42. f4 Re3+ 43. Kf2 Rc3 44. Rxf5 Rc2+ 45. Kf3 Rxa2 46.
Rf7+ Kb6 47. Rd7 Kc5 48. h4 a5 49. h5 Rb2 50. h6 Rxb3+ 51. Kg4 Rb1 52. Kg5 Rh1
53. f5 a4 54. Ra7 Kb5 55. g4 Bc5 56. Rb7+ Ka6 57. Rb2 Be3+ 58. Kg6 Rxh6+ 59.
Kf7 a3 60. Ra2 Bc1 61. Rc2 Bb2 62. g5 Rd6 63. Ke7 Rd5 64. f6 a2 0-1

[Event "Xtracon Skakligaen"]
[Site "Denmark"]
[Date "2016.03.06"]
[Round "9.6"]
[White "Hoiberg, Nina"]
[Black "Ochsner, Thomas"]
[Result "1/2-1/2"]
[WhiteElo "2213"]
[BlackElo "2326"]
[PlyCount "46"]
[EventDate "2015.10.31"]
[EventType "team-tourn"]
[EventRounds "9"]
[EventCountry "DEN"]
[WhiteTeam "Nordre"]
[BlackTeam "AarhusSkolerne"]
[WhiteTeamCountry "DEN"]
[BlackTeamCountry "DEN"]

1. e4 e5 2. Nf3 Nc6 3. d4 exd4 4. Bc4 Nf6 5. e5 Ng4 6. Qe2 Qe7 7. Bf4 d6 8.
exd6 Qxe2+ 9. Kxe2 Bxd6 10. Bxd6 cxd6 11. Na3 Nge5 12. Rad1 Bg4 13. Bd5 a6 14.
h3 Bxf3+ 15. gxf3 O-O 16. Rhe1 Rac8 17. f4 Ng6 18. Bxc6 bxc6 19. Rxd4 Rfe8+ 20.
Kd2 Rxe1 21. Kxe1 d5 22. Ra4 f5 23. c3 c5 1/2-1/2

[Event "Xtracon Skakligaen"]
[Site "Denmark"]
[Date "2016.03.06"]
[Round "9.8"]
[White "Olsen, Filip Boe"]
[Black "Jensen, Jacob Bjerre"]
[Result "1-0"]
[WhiteElo "2245"]
[BlackElo "2189"]
[PlyCount "53"]
[EventDate "2015.10.31"]
[EventType "team-tourn"]
[EventRounds "9"]
[EventCountry "DEN"]
[WhiteTeam "Nordre"]
[BlackTeam "AarhusSkolerne"]
[WhiteTeamCountry "DEN"]
[BlackTeamCountry "DEN"]

1. d4 f5 2. Nf3 Nf6 3. c4 g6 4. g3 Bg7 5. Bg2 O-O 6. O-O d6 7. Nc3 Nc6 8. d5
Ne5 9. Nxe5 dxe5 10. Qc2 e4 11. Bf4 Nh5 12. Bd2 e5 13. a3 Bd7 14. b4 Be8 15.
Rad1 a5 16. bxa5 Rxa5 17. Nxe4 Ba4 18. Qc1 Bxd1 19. Bxa5 Bxe2 20. Re1 Bg4 21.
Nc5 f4 22. Bb4 fxg3 23. hxg3 Qc8 24. Ne6 Bf3 25. Bxf8 Bxg2 26. Bxg7 Bh3 27.
Bxe5 1-0

[Event "Xtracon Skakligaen"]
[Site "Denmark"]
[Date "2016.03.06"]
[Round "9.1"]
[White "Pedersen, Christian Kyndel"]
[Black "Hector, Jonny"]
[Result "1-0"]
[WhiteElo "2418"]
[BlackElo "2493"]
[PlyCount "111"]
[EventDate "2015.10.31"]
[EventType "team-tourn"]
[EventRounds "9"]
[EventCountry "DEN"]
[WhiteTeam "Jetsmark"]
[BlackTeam "Nordkalotten"]
[WhiteTeamCountry "DEN"]
[BlackTeamCountry "DEN"]

1. d4 d5 2. c4 c6 3. Nf3 Nf6 4. Qc2 dxc4 5. Qxc4 Bg4 6. Nc3 Nbd7 7. e4 e5 8.
Be3 Qa5 9. dxe5 Be6 10. Qa4 Qxa4 11. Nxa4 Nxe4 12. Bd3 Bb4+ 13. Ke2 Bd5 14. a3
Be7 15. Rac1 O-O 16. Bc4 Bxc4+ 17. Rxc4 f5 18. Rd1 Rfd8 19. Rcd4 Nf8 20. Rxd8
Bxd8 21. Nd4 g6 22. f3 Ng5 23. Nc5 Bb6 24. Nxb7 Bxd4 25. Rxd4 Nge6 26. Ra4 f4
27. Rxa7 Rb8 28. Bf2 Nd7 29. b4 Nxe5 30. Nc5 Nxc5 31. Bxc5 Rd8 32. Re7 Nc4 33.
a4 Rd2+ 34. Ke1 Rxg2 35. Re2 Rg5 36. Re8+ Kf7 37. Re7+ Kg8 38. Re8+ Kf7 39.
Re7+ Kg8 40. a5 Rxc5 41. bxc5 Nxa5 42. Rc7 g5 43. Kd1 h5 44. h3 Kf8 45. Rh7 g4
46. hxg4 hxg4 47. fxg4 Nb3 48. Rh5 f3 49. Ke1 Kg7 50. Kf2 Nd4 51. Ke3 Ne6 52.
Kxf3 Kf6 53. Rh6+ Ke5 54. Rxe6+ Kxe6 55. Ke4 Kf6 56. Kf4 1-0

[Event "Xtracon Skakligaen"]
[Site "Denmark"]
[Date "2016.03.06"]
[Round "9.2"]
[White "Brynell, Stellan"]
[Black "Jensen, Bjarke"]
[Result "1-0"]
[WhiteElo "2421"]
[BlackElo "2366"]
[PlyCount "97"]
[EventDate "2015.10.31"]
[EventType "team-tourn"]
[EventRounds "9"]
[EventCountry "DEN"]
[WhiteTeam "Nordkalotten"]
[BlackTeam "Jetsmark"]
[WhiteTeamCountry "DEN"]
[BlackTeamCountry "DEN"]

1. e4 c5 2. Nf3 Nc6 3. Bb5 Nf6 4. Nc3 Qc7 5. O-O e6 6. Re1 Ng4 7. h3 Nge5 8.
Bxc6 bxc6 9. d3 Bd6 10. Be3 Nxf3+ 11. Qxf3 O-O 12. Na4 f5 13. b3 fxe4 14. Qxe4
Rf5 15. Rad1 Bb7 16. c4 Raf8 17. d4 cxd4 18. Qxd4 Bb4 19. Rf1 d5 20. cxd5 c5
21. Nxc5 Bxc5 22. Qxc5 Qe5 23. Qxa7 R5f7 24. Qd4 Qxd4 25. Rxd4 Bxd5 26. Rc1 Ra8
27. Rc2 Rb7 28. f3 Kf7 29. Rf4+ Kg6 30. g4 Rd7 31. Kf2 Bb7 32. a4 Bd5 33. Rb4
h5 34. Kg3 Rf7 35. f4 hxg4 36. hxg4 Rh8 37. a5 Rh1 38. a6 Rf8 39. Rh2 Re1 40.
Kf2 Rb1 41. Rh5 Rb2+ 42. Kg3 Rg2+ 43. Kh3 Re2 44. Bc5 Rc8 45. Rb5 Rd8 46. f5+
Kf7 47. a7 g5 48. Rh7+ Kg8 49. Rb8 1-0

[Event "Xtracon Skakligaen"]
[Site "Denmark"]
[Date "2016.03.06"]
[Round "9.4"]
[White "Sylvan, Jacob"]
[Black "Christensen, Stefan"]
[Result "1/2-1/2"]
[WhiteElo "2340"]
[BlackElo "2266"]
[PlyCount "27"]
[EventDate "2015.10.31"]
[EventType "team-tourn"]
[EventRounds "9"]
[EventCountry "DEN"]
[WhiteTeam "Nordkalotten"]
[BlackTeam "Jetsmark"]
[WhiteTeamCountry "DEN"]
[BlackTeamCountry "DEN"]

1. c4 Nf6 2. Nc3 e5 3. g3 d5 4. cxd5 Nxd5 5. Bg2 Nb6 6. Nf3 Nc6 7. O-O Be7 8.
d3 O-O 9. Bd2 Be6 10. Na4 f6 11. a3 Qd7 12. Rc1 Nxa4 13. Qxa4 Rfd8 14. Rfe1
1/2-1/2

[Event "Xtracon Skakligaen"]
[Site "Denmark"]
[Date "2016.03.06"]
[Round "9.5"]
[White "Rosenkilde, Alexander"]
[Black "Kristensen, Kaare Hove"]
[Result "0-1"]
[WhiteElo "2197"]
[BlackElo "2365"]
[PlyCount "80"]
[EventDate "2015.10.31"]
[EventType "team-tourn"]
[EventRounds "9"]
[EventCountry "DEN"]
[WhiteTeam "Jetsmark"]
[BlackTeam "Nordkalotten"]
[WhiteTeamCountry "DEN"]
[BlackTeamCountry "DEN"]

1. d4 d5 2. c4 c6 3. Nf3 dxc4 4. e3 b5 5. a4 e6 6. b3 Bb4+ 7. Bd2 Bxd2+ 8.
Nfxd2 cxb3 9. axb5 b2 10. Ra2 Ne7 11. Rxb2 O-O 12. Nc3 Bb7 13. Bd3 cxb5 14.
Rxb5 Ba6 15. Rxb8 Rxb8 16. Bxa6 Qa5 17. Nce4 Qxa6 18. Nc5 Qb5 19. Qe2 e5 20.
Qxb5 Rxb5 21. Ke2 exd4 22. exd4 Nc6 23. Ncb3 a5 24. Ra1 Rd8 25. Ke3 Rb4 26.
Nxa5 Re8+ 27. Kd3 Rxd4+ 28. Kc3 Rc8 29. Nxc6 Rd6 30. Nc4 Rdxc6 31. Ra4 Re6 32.
f3 Re2 33. g3 Rxh2 34. Kd4 Rh3 35. Ke4 Rxg3 36. Kf4 Rg6 37. Ne5 Rf6+ 38. Kg3 g6
39. Ra7 Kg7 40. Rb7 Rc3 0-1